| 000 | 00427cam a2200181ua 4500 | ||
|---|---|---|---|
| 020 | _c1.00 | ||
| 041 |
_ahin _h |
||
| 082 |
_a891.54 _bMAN/DU |
||
| 100 | _aManmath Nath, Gupta. | ||
| 245 |
_aDur charithr / _cManmath Nath Gupta. _hTextual Documents |
||
| 250 |
_a1 / _b. |
||
| 260 |
_aDelhi : _bRajkamal Prakash , _c1962. |
||
| 300 | _a135 ; . | ||
| 365 | _a1.00 | ||
| 504 | _a | ||
| 942 | _cBK | ||
| 999 |
_c8019 _d8019 |
||